|
|
|
|
| LEADER |
01266nam a2200217 a 4500 |
| 001 |
00023100 |
| 008 |
110621s2006 bg a 000 0 eng d |
| 020 |
|
|
|a 984809024X
|
| 040 |
|
|
|a BD-DhAAL
|c BD-DhAAL
|
| 082 |
0 |
0 |
|a 621.39/5
|2 22
|
| 100 |
1 |
|
|a Khan, Md. Mozammel Huq Azad
|
| 245 |
1 |
0 |
|a Digital logic design /
|c Md. Mozammel Huq Azad Khan.
|
| 260 |
|
|
|a Dhaka :
|b The University Grants Commission,
|c 2006
|
| 300 |
|
|
|a xxii, 416 p. :
|b ill. ;
|c 25 cm.
|
| 541 |
1 |
|
|e 00023100
|
| 650 |
|
0 |
|a Digital electronics..
|
| 852 |
4 |
|
|a Ayesha Abed Library
|j General shelf
|
| 999 |
|
|
|c 10986
|d 10986
|
| 952 |
|
|
|0 0
|1 0
|4 0
|6 621_395000000000000_KHA
|7 0
|9 17243
|a BRACUL
|b BRACUL
|c GEN
|d 2011-06-21
|e University Grants Commission of Bangladesh
|g 235.00
|l 22
|m 93
|o 621.395 KHA
|p 3010023100
|q 2026-05-18
|r 2026-05-11
|s 2026-05-11
|t 1
|w 2011-06-21
|y BK
|x Available
|
| 952 |
|
|
|0 0
|1 0
|4 0
|6 621_395000000000000_KHA
|7 0
|9 17244
|a BRACUL
|b BRACUL
|c GEN
|d 2011-06-21
|e University Grants Commission of Bangladesh
|g 235.00
|l 21
|m 138
|o 621.395 KHA
|p 3010023101
|r 2026-04-29
|s 2026-04-12
|t 2
|w 2011-06-21
|y BK
|x Available
|
| 952 |
|
|
|0 0
|1 0
|4 0
|6 621_395000000000000_KHA
|7 0
|9 17245
|a BRACUL
|b BRACUL
|c GEN
|d 2011-06-21
|e University Grants Commission of Bangladesh
|g 235.00
|l 15
|m 144
|o 621.395 KHA
|p 3010023102
|r 2025-12-07
|s 2025-07-09
|t 3
|w 2011-06-21
|y BK
|x Available
|